Công nghệ 6 Kinh tế gia đình

Sparad:
Bibliografiska uppgifter
Huvudupphovsman: Nguyễn, Minh Đường
Övriga upphovsmän: Nguyễn, Thị Hạnh
Materialtyp: Bok
Språk:Undetermined
Publicerad: H. Giáo dục 2009
Ämnen:
Länkar:http://lrc.tdmu.edu.vn/opac/search/detail.asp?aID=2&ID=4657
Taggar: Lägg till en tagg
Inga taggar, Lägg till första taggen!
Thư viện lưu trữ: Trung tâm Học liệu Trường Đại học Thủ Dầu Một
LEADER 00705nam a2200217Ia 4500
001 TDMU_4657
008 210410s9999 xx 000 0 und d
082 |a 373.23635 
090 |b NG525 
100 |a Nguyễn, Minh Đường 
245 0 |a Công nghệ 6 
245 0 |b Kinh tế gia đình 
245 0 |c Nguyễn Minh Đường 
260 |a H. 
260 |b Giáo dục 
260 |c 2009 
300 |a 136tr 
650 |a Sách lớp 6; Kinh tế gia đình  |x Giảng dạy và học tập 
700 |a Nguyễn, Thị Hạnh 
856 |u http://lrc.tdmu.edu.vn/opac/search/detail.asp?aID=2&ID=4657 
980 |a Trung tâm Học liệu Trường Đại học Thủ Dầu Một